00457nam a2200157Ia 4500003000400000008004100004040001600045082001800061100002200079245007500101700001700176260004800193650001500241650002100256650002200277GCL140319s9999 xx 000 0 eng d aGCL / cGCL04a808.0666bP T1 aPICKETT, NELL ANN10aTECHMICAL ENGLISH, WRITING READING, AND SPEAKING / cPICKETT, NELL ANN1 aLASTER, ANNA a[S.N] : bHARPER COLLINS COLLEGE PUBLISBERS04aTECHNOLOGY04aENGLISH LANGUAGE04aTECHNICAL ENGLISH